Movies Quiz

Random Movies or Actor Quiz
Score 0/30 Timer 01:00
3 Plays Today
% Correct
Stallone, Sylvester
64.6%
Depp, Johnny
64.3%
Damon, Matt
63%
Willis, Bruce
62.3%
Downey, Jr., Robert
61%
Carrey, Jim
60.7%
Murray, Bill
59.2%
Sandler, Adam
59.1%
Affleck, Ben
57.1%
Eastwood, Clint
56.8%
Nicholson, Jack
56%
Reeves, Keanu
55.4%
Cruise, Tom
55%
Day-Lewis, Daniel
53.1%
Spacey, Kevin
52.9%
% Correct
De Niro, Robert
51.8%
Bogart, Humphrey
48.4%
Allen, Woody
47.1%
Schwarzenegger, Arnold
46.8%
Hoffman, Dustin
46.5%
Gable, Clark
43.8%
Martin, Steve
42.3%
Peck, Gregory
40.7%
O'Toole, Peter
40.5%
Kelly, Gene
38.5%
Welles, Orson
37.5%
Brando, Marlon
37.3%
McQueen, Steve
33.6%
Pacino, Al
31.6%
Grant, Cary
30.5%
Remove Ads.
Support Sporcle.
Get the best of Sporcle when you Go Orange. This ad-free experience offers more features, more stats, and more fun while also helping to support Sporcle. Thank you for becoming a member.

You're not logged in!

Compare scores with friends on all Sporcle quizzes.
OR
Log In

Sporcle TV

Today on Sporcle TV


Watch our educational content, quiz creation guides, and fun videos on Sporcle TV.

Show Comments

Extras

Top Quizzes Today


Score Distribution

Paid Content

Your Account Isn't Verified!

In order to create a playlist on Sporcle, you need to verify the email address you used during registration. Go to your Sporcle Settings to finish the process.

Report this User

Report this user for behavior that violates our Community Guidelines.

Details: